Historiografía Deuteronomista: Josué, Jueces, 1 y 2 Samuel, 1 y 2 Reyes.

-д хадгалсан:
Номзүйн дэлгэрэнгүй
Үндсэн зохиолч: Duarte Castillo, Raúl (autor)
Формат: Үл мэдэгдэх
Хэл сонгох:англи
Хэвлэсэн: Navarra, España: Verbo Divino (EVD), 2017.
Цуврал:Biblioteca Bíblica Básica,
Нөхцлүүд:
Шошгууд: Шошго нэмэх
Шошго байхгүй, Энэхүү баримтыг шошголох эхний хүн болох!

MARC

LEADER 00000 a2200000 4500
003 CL-VaPUC
005 20231123121109.0
008 231121t2017 ||||| |||| 00| 0 eng d
999 |c 442402  |d 442400 
020 |a 978-84-9073-361-5 
040 |c Pontificia Universidad Católica de Valparaíso 
082 |2 22  |a 222.15 DUA 2017 
100 |a Duarte Castillo, Raúl  |9 885679  |e autor  
245 |a Historiografía Deuteronomista:  |b Josué, Jueces, 1 y 2 Samuel, 1 y 2 Reyes.  
260 |a Navarra, España:  |b Verbo Divino (EVD),  |c 2017. 
300 |a 486 páginas. 
490 |a Biblioteca Bíblica Básica,   |n  5. 
583 |k GC  |c 20231121 
650 0 |9 479158  |a Libros históricos   |x Antiguo Testamento   |x Pentateuco   |x Deuteronomio   |v Análisis histórico y bíblico  
942 |2 ddc  |c BK 
952 |0 0  |1 0  |2 ddc  |4 0  |6 222_150000000000000_DUA_2017  |7 0  |8 A  |9 592473  |a BIBTEO  |b BIBTEO  |d 2023-11-13  |e 8  |g 25899.00  |i 5659481  |o 222.15 DUA 2017  |p 5659481  |r 2025-01-17  |t 1  |v 25899.00  |w 2023-11-13  |y BK  |k ICR